| 000 | 00422nam a22001577a 4500 | ||
|---|---|---|---|
| 020 | _a9781292088723 | ||
| 040 | _cNUST | ||
| 082 |
_a620.103 _bHIB |
||
| 100 | _aHibbeler, R. C. | ||
| 110 |
_aYap, Kai Beng _9125525 |
||
| 245 | _aEngineering Mechanics. Dynamics | ||
| 250 |
_aFourteenth Edition in SI Units. _bGlobal Edition |
||
| 260 |
_aHarlow, _bPearson Education, _c2017. |
||
| 650 | _aDynamics | ||
| 942 |
_2ddc _cBK |
||
| 999 |
_c611264 _d611264 |
||